000 00530cam a2200217ua 4500
020 _c125.00
041 _aeng
_h
082 _a621.310 42
_bBIM/GE
100 _aBimbhra, P S .
245 _aGeneralised theory of electical machines /
_cP S Bimbhra.
_hTextual Documents
250 _a5 /
_b.
260 _aDelhi :
_bKhanna publishers ,
_c1996.
300 _a1151 ; .
365 _a125.00
500 _a*CSS
504 _a
942 _cBK
999 _c7167
_d7167